Derechos Fundamentales
Saved in:
| Hovedforfatter: | |
|---|---|
| Format: | Ukendt |
| Sprog: | engelsk |
| Udgivet: |
Aranzadi
2018
|
| Udgivelse: | Primera edición |
| Fag: | |
| Tags: |
Tilføj Tag
Ingen Tags, Vær først til at tagge denne postø!
|
MARC
| LEADER | 00000 a2200000 4500 | ||
|---|---|---|---|
| 003 | CL-VaPUC | ||
| 005 | 20210402001825.0 | ||
| 008 | 200106b ||||| |||| 00| 0 eng d | ||
| 999 | |c 376039 |d 376037 | ||
| 020 | |a 9788413082349 | ||
| 040 | |c Pontificia Universidad Católica de Valparaíso | ||
| 082 | |a 342.46 GOM 2018 | ||
| 100 | |a Gómez Sánchez Yolanda |9 604965 | ||
| 245 | |a Derechos Fundamentales | ||
| 250 | |a Primera edición | ||
| 260 | |b Aranzadi |c 2018 | ||
| 583 | |k Hugo Gaete |c 20200106 | ||
| 650 | 0 | 0 | |a Derechos fundamentales |9 254841 |
| 650 | 0 | 0 | |a Derecho constitucional |9 222588 |
| 650 | 0 | 0 | |a CONSTITUCION ESPAÑOLA 1978 |9 395081 |
| 651 | 0 | |a España |9 254926 | |
| 942 | |2 ddc |c BK | ||
| 952 | |0 0 |1 0 |2 ddc |4 0 |6 342_460000000000000_GOM_2018 |7 0 |9 495212 |a BIBDER |b BIBDER |d 2019-12-27 |e 36 |g 28376.00 |i 5568382 |l 2 |m 1 |o 342.46 GOM 2018 |p 5568382 |r 2024-08-19 |s 2024-08-05 |t 1 |v 28376.00 |w 2019-12-27 |y BK | ||